| 000 | 00888nam a22002657a 4500 | ||
|---|---|---|---|
| 003 | 0 | ||
| 005 | 20250905143956.0 | ||
| 008 | 250905b xxu||||| |||| 00| 0 eng d | ||
| 020 | _a978-1-284-22839-7 | ||
| 050 |
_aRA 776.9 _b.T49 2023 |
||
| 100 |
_aThygerson, Alton L., _eauthor. |
||
| 245 |
_aFit to be well : _bessential concepts / _cAlton L. Thygerson, Steven M. Thygerson, and Justin S. Thygerson. |
||
| 250 | _aSixth edition. | ||
| 260 |
_aBurlington, MA : _bWorld Headquarters, Jones & Bartlett Learning, _c2023. |
||
| 300 |
_axxi, various pagination : _bcolored illustrations ; _c28 cm. |
||
| 504 | _aIncludes index. | ||
| 650 | _aHealth education. | ||
| 650 | _aHealth promotion. | ||
| 650 | _aPhysical fitness. | ||
| 650 | _aWellness. | ||
| 650 | _aHygiene. | ||
| 700 |
_aThygerson, Steven M., _eauthor. |
||
| 700 |
_aThygerson, Justin S., _eauthor. |
||
| 942 |
_2lcc _cBK |
||
| 999 |
_c367783 _d367783 |
||